000
00216nam a2200097Ia 4500
008
120527s9999 xx 000 0 und d
100
_a
Wilks S.
245
_a
Talking about tomorrow.
260
_b
Pluto.
942
_c
BK
999
_c
18141
_d
18141